000 00448nam a22001817a 4500
003 MPLRDC
005 20220104143429.0
008 210129b ||||| |||| 00| 0 eng d
020 _a7-80548-091-5
082 _a997.16 LF
100 _a林峰编译
245 _a国际象棋竞赛手册
_c
250 _a一版一刷
260 _a
_b蜀蓉棋艺出版社
_c1988
300 _b
650 _a智力游戏--棋艺
942 _cBK
_o997.16 LF
999 _c39831
_d39821